000 00535nam a2200169Ia 4500
003 GCL
008 140319s9999 xx 000 0 ara d
040 _aGCL /
_cGCL
082 0 4 _a621.3
_bع ا
100 1 _aعماد درويش
245 1 0 _aالاعمال الكهربائية وتمديدات المياه والاشغال العامة (الجزء الثالث) /
_cعماد درويش
300 _a210 ص
490 _aكتاب
_v0
650 0 4 _aالكهرباء
650 0 4 _aالهندسة الكهربية
942 _2ddc
_cBK
999 _c43296
_d43296